000
00334nam a2200133Ia 4500
008
240624s9999 xx 000 0 und d
041
_a
eng
082
_a
005.758 RUS
100
_a
RUSSEL CHARLIE
245
_a
MICROSOFT WINDOWS SERVER 2003 ADMINISTRA
260
_c
2003
_a
New Delhi
_b
Prentice-Hall
300
_a
xlv, : 1571
365
_c
RS
999
_c
385
_d
385